000 00520nam a2200169 4500
001 117211
003 ES-MaACL
005 20230906190840.0
007 t|
008 070301s1970 sp r ||||1| spa d
100 1 _aPaz-Andrade, Valentín.
_989764
245 1 3 _aEl capital como factor del desarrollo de Galicia /
_cValentín Paz-Andrade.
260 _aLa Coruña :
_bBanco del Noroeste,
_c1970.
300 _a50 p., 1 lám. ;
_c21 cm.
710 2 _aBanco del Noroeste.
_92120
852 _aES-MaACL
_jC-46294
_bR.76852
999 _c117211
_d117211